MyGZULibrary

Attacking Africa's poverty : (Record no. 2219)

MARC details
000 -LEADER
fixed length control field 01237cam a22003374a 4500
001 - CONTROL NUMBER
control field 14064711
003 - CONTROL NUMBER IDENTIFIER
control field GZU
005 - DATE AND TIME OF LATEST TRANSACTION
control field 20201028102310.0
008 - FIXED-LENGTH DATA ELEMENTS--GENERAL INFORMATION
fixed length control field 050804s2006 dcuab b i001 0 eng
010 ## - LIBRARY OF CONGRESS CONTROL NUMBER
LC control number 2005043453
020 ## - INTERNATIONAL STANDARD BOOK NUMBER
International Standard Book Number 0821363220
020 ## - INTERNATIONAL STANDARD BOOK NUMBER
International Standard Book Number 9780821363225
035 ## - SYSTEM CONTROL NUMBER
System control number (OCoLC)ocm61261332
040 ## - CATALOGING SOURCE
Original cataloging agency DLC
Transcribing agency DLC
Modifying agency BAKER
-- C#P
-- DLC
042 ## - AUTHENTICATION CODE
Authentication code pcc
043 ## - GEOGRAPHIC AREA CODE
Geographic area code f------
050 00 - LIBRARY OF CONGRESS CALL NUMBER
Classification number HC800.Z9
Item number POV 2006
245 00 - TITLE STATEMENT
Title Attacking Africa's poverty :
Remainder of title experience from the ground /
Statement of responsibility, etc. editors, Louise Fox and Robert Liebenthal.
260 ## - PUBLICATION, DISTRIBUTION, ETC.
Place of publication, distribution, etc. Washington, D.C. :
Name of publisher, distributor, etc. World Bank,
Date of publication, distribution, etc. c2006.
300 ## - PHYSICAL DESCRIPTION
Extent xxi, 389 p. :
Other physical details ill., maps ;
Dimensions 26 cm.
504 ## - BIBLIOGRAPHY, ETC. NOTE
Bibliography, etc. note Includes bibliographical references and index.
650 #0 - SUBJECT ADDED ENTRY--TOPICAL TERM
Topical term or geographic name entry element Economic assistance
Geographic subdivision Africa
Form subdivision Case studies.
650 #0 - SUBJECT ADDED ENTRY--TOPICAL TERM
Topical term or geographic name entry element Poverty
Geographic subdivision Africa
Form subdivision Case studies.
650 #0 - SUBJECT ADDED ENTRY--TOPICAL TERM
Topical term or geographic name entry element Economic development projects
Geographic subdivision Africa
Form subdivision Case studies.
700 1# - ADDED ENTRY--PERSONAL NAME
Personal name Fox, M. Louise.
Relator term editor
700 1# - ADDED ENTRY--PERSONAL NAME
Personal name Liebenthal, Robert.
Relator term editor
710 2# - ADDED ENTRY--CORPORATE NAME
Corporate name or jurisdiction name as entry element World Bank.
906 ## - LOCAL DATA ELEMENT F, LDF (RLIN)
a 7
b cbc
c orignew
d 1
e ocip
f 20
g y-gencatlg
942 ## - ADDED ENTRY ELEMENTS (KOHA)
Source of classification or shelving scheme Library of Congress Classification
Koha item type Books
Classification part 800.Z9
Item part POV
Call number prefix HC
Holdings
Withdrawn status Lost status Source of classification or shelving scheme Damaged status Not for loan Collection code Home library Current library Shelving location Date acquired Total Checkouts Full call number Barcode Date last seen Copy number Price effective from Koha item type
    Library of Congress Classification     Non-fiction City Campus Library City Campus Library General Stacks 04/02/2006   HC800.Z9 POV 2006 B015852 10/28/2020 c. 1 10/28/2020 Books